[Event "RUS-chB U16"]
[Site "Dagomys"]
[Date "2009.04.18"]
[Round "4"]
[White "Matveev, Vladimir A"]
[Black "Sayapin, Alexander"]
[Result "1/2-1/2"]
[WhiteElo "2222"]
[BlackElo "2056"]
[PlyCount "91"]
[EventDate "2009.04.15"]
[EventType "swiss"]
[EventRounds "9"]
[EventCountry "RUS"]
[SourceTitle "EXT 2010"]
[Source "ChessBase"]
[SourceDate "2010.11.25"]
[SourceVersion "1"]
[SourceVersionDate "2010.11.25"]
[SourceQuality "1"]

1. d4 Nf6 2. c4 c5 3. d5 b5 4. cxb5 a6 5. b6 g6 6. g3 d6 7. Bg2 Qxb6 8. Nc3 Bg7 9. Nf3 0-0 10. 0-0 a5 11. Re1 Na6 12. Nd2 Nc7 13. e4 Ng4 14. h3 Ne5 15. f4 c4+ 16. Kh2 Nd3 17. Nxc4 Qd4 18. e5 Qxc4 19. Re4 Qa6 20. Bf1 Qb6 21. Qxd3 Bf5 22. Qe3 Qb7 23. Rd4 Rfc8 24. g4 Bd7 25. Rb1 Nb5 26. Nxb5 Bxb5 27. Bg2 Qc7 28. Kh1 dxe5 29. Rd1 exf4 30. Qxf4 Be5 31. Qf2 Qd6 32. Be3 Rab8 33. Rbc1 Qf6 34. Qxf6 Bxf6 35. b3 Bb2 36. Rxc8+ Rxc8 37. a4 Bd7 38. Bd2 Bc3 39. Bf1 Bxd2 40. Rxd2 Rc3 41. Rb2 h5 42. gxh5 Bxh3 43. Be2 Bf5 44. hxg6 Be4+ 45. Kg1 Bd3 46. gxf7+ 1/2-1/2

[Event "Samara op"]
[Site "Samara"]
[Date "2008.12.08"]
[Round "4"]
[White "Natacheev, Peter"]
[Black "Sayapin, Alexander"]
[Result "1-0"]
[WhiteElo "2191"]
[BlackElo "2069"]
[PlyCount "57"]
[EventDate "2008.12.05"]
[EventType "swiss"]
[EventRounds "9"]
[EventCountry "RUS"]
[SourceTitle "CBM 127 Extra"]
[Source "ChessBase"]
[SourceDate "2009.01.08"]
[SourceVersion "2"]
[SourceVersionDate "2009.01.28"]
[SourceQuality "1"]

1. e4 e5 2. Nc3 Nc6 3. g3 Bc5 4. Bg2 h5 5. Nf3 h4 6. Nxh4 Rxh4 7. gxh4 Qxh4 8. 0-0 Nf6 9. Qf3 d6 10. Qg3 Qh7 11. d3 Nd4 12. Be3 Bd7 13. b4 Bxb4 14. Bxd4 exd4 15. Ne2 0-0-0 16. Rab1 Nh5 17. Qh4 g5 18. Qxg5 Rg8 19. Qh4 Rg4 20. Qe7 Qg8 21. Ng3 f6 22. Nxh5 Rxg2+ 23. Kh1 Bh3 24. Rg1 Bd2 25. Qxf6 b6 26. Qf3 Qg4 27. Qxg4+ Rxg4 28. Rxg4 Bxg4 29. Ng3 1-0

[Event "Zhigulevskie prostory op"]
[Site "Samara"]
[Date "2008.07.27"]
[Round "3"]
[White "Elistratov, Ilia"]
[Black "Sayapin, Alexander"]
[Result "1/2-1/2"]
[WhiteElo "2190"]
[BlackElo "2084"]
[PlyCount "49"]
[EventDate "2008.07.25"]
[EventType "swiss"]
[EventRounds "9"]
[EventCountry "RUS"]
[SourceTitle "EXT 2022"]
[Source "ChessBase"]
[SourceDate "2021.10.06"]
[SourceVersion "1"]
[SourceVersionDate "2021.10.06"]
[SourceQuality "1"]

1. e4 e5 2. Nf3 Nc6 3. Bb5 f5 4. exf5 e4 5. Qe2 Nf6 6. d3 d5 7. Nd4 Bd7 8. Bxc6 bxc6 9. dxe4 dxe4 10. 0-0 Bc5 11. Rd1 Qe7 12. Bg5 Qe5 13. Bxf6 gxf6 14. Qc4 e3 15. fxe3 Qxe3+ 16. Kh1 Bxd4 17. Qxd4 Qxd4 18. Rxd4 0-0-0 19. Na3 Bxf5 20. Rb4 Rd5 21. Rf1 Re8 22. c4 Rde5 23. h3 Bd3 24. Rf3 Be4 25. Rf2 1/2-1/2

[Event "Zhigulevskie prostory op"]
[Site "Samara"]
[Date "2008.07.26"]
[Round "2"]
[White "Sayapin, Alexander"]
[Black "Ivanov, Vyacheslav I"]
[Result "1-0"]
[WhiteElo "2084"]
[BlackElo "2114"]
[PlyCount "49"]
[EventDate "2008.07.25"]
[EventType "swiss"]
[EventRounds "9"]
[EventCountry "RUS"]
[SourceTitle "EXT 2022"]
[Source "ChessBase"]
[SourceDate "2021.10.06"]
[SourceVersion "1"]
[SourceVersionDate "2021.10.06"]
[SourceQuality "1"]

1. e4 e6 2. d4 d5 3. e5 c5 4. Nf3 Nc6 5. Bd3 cxd4 6. 0-0 Bc5 7. a3 a6 8. Bf4 Ba7 9. Ng5 g6 10. Qg4 f5 11. exf6 Nxf6 12. Qh4 Nh5 13. Bd2 Qe7 14. g4 Ne5 15. gxh5 Qxg5+ 16. Qxg5 Nf3+ 17. Kh1 Nxg5 18. Bxg5 Kf7 19. f4 Bd7 20. Nd2 Bc5 21. Nf3 gxh5 22. Ne5+ Ke8 23. Be2 Be7 24. Bxh5+ Kd8 25. Nf7+ 1-0

[Event "Zhigulevskie prostory op"]
[Site "Samara"]
[Date "2008.07.25"]
[Round "1"]
[White "Komendatyan, Grant"]
[Black "Sayapin, Alexander"]
[Result "0-1"]
[WhiteElo "1847"]
[BlackElo "2084"]
[PlyCount "87"]
[EventDate "2008.07.25"]
[EventType "swiss"]
[EventRounds "9"]
[EventCountry "RUS"]
[SourceTitle "EXT 2022"]
[Source "ChessBase"]
[SourceDate "2021.10.06"]
[SourceVersion "1"]
[SourceVersionDate "2021.10.06"]
[SourceQuality "1"]

1. e4 c5 2. Nf3 d6 3. d4 cxd4 4. Nxd4 Nf6 5. Nc3 g6 6. Bc4 Bg7 7. 0-0 0-0 8. f4 Nc6 9. e5 Ng4 10. Nxc6 bxc6 11. Qf3 dxe5 12. Be3 exf4 13. Rad1 Qc7 14. Bxf4 e5 15. Bg3 Qb6+ 16. Kh1 Nh6 17. Rde1 Qc5 18. b3 Bg4 19. Qe4 Bf5 20. Qh4 Bxc2 21. Bxe5 Bxe5 22. Na4 Qd4 23. Qxh6 Bg7 24. Qf4 Bf5 25. Re7 Be6 26. Qxd4 Bxd4 27. Rd1 c5 28. Bxe6 fxe6 29. Rxe6 Rf2 30. Rc6 Raf8 31. h3 Be5 32. Kg1 Bd4 33. Kh1 R8f5 34. Rc8+ Kg7 35. Rc7+ Kh6 36. Rxa7 Rg5 37. g4 Re5 38. Rg1 Kg5 39. h4+ Kxh4 40. Rxh7+ Kg5 41. Rh2 Rxh2+ 42. Kxh2 Bxg1+ 43. Kxg1 Kxg4 44. Nb2 0-1

[Event "PriFR-ch U16"]
[Site "Gorodets"]
[Date "2007.11.??"]
[Round "2"]
[White "Aldokhin, Ivan"]
[Black "Sayapin, Alexander"]
[Result "0-1"]
[WhiteElo "2208"]
[BlackElo "2041"]
[PlyCount "44"]
[EventDate "2007.11.02"]
[EventType "swiss"]
[EventRounds "9"]
[EventCountry "RUS"]
[SourceTitle "EXT 2022"]
[Source "ChessBase"]
[SourceDate "2021.10.06"]
[SourceVersion "1"]
[SourceVersionDate "2021.10.06"]
[SourceQuality "1"]

1. e4 c5 2. Nf3 d6 3. d4 cxd4 4. Nxd4 Nf6 5. Nc3 g6 6. Be3 Bg7 7. Bc4 0-0 8. f3 Nc6 9. Qd2 Bd7 10. 0-0-0 Rc8 11. Bb3 Ne5 12. h4 h5 13. Bg5 Nc4 14. Bxc4 Rxc4 15. e5 dxe5 16. Nb3 Rc7 17. Bxf6 exf6 18. Nb5 Bf5 19. Nxc7 Qxc7 20. Qc3 Qb6 21. Rd5 Qf2 22. Qd2 Bh6 0-1

[Event "Anapa U18"]
[Site "Anapa"]
[Date "2007.08.??"]
[Round "8"]
[White "Karabakhtsian, Adroniks"]
[Black "Sayapin, Alexander"]
[Result "1-0"]
[WhiteElo "2302"]
[BlackElo "2032"]
[PlyCount "43"]
[EventDate "2007.08.25"]
[EventType "swiss"]
[EventRounds "9"]
[EventCountry "RUS"]
[SourceTitle "EXT 2022"]
[Source "ChessBase"]
[SourceDate "2021.10.06"]
[SourceVersion "1"]
[SourceVersionDate "2021.10.06"]
[SourceQuality "1"]

1. g3 Nf6 2. Bg2 d5 3. Nf3 c5 4. 0-0 e6 5. d4 Nc6 6. c4 a6 7. Nc3 dxc4 8. Qa4 Bd7 9. Qxc4 cxd4 10. Nxd4 Rc8 11. Rd1 Nxd4 12. Qxd4 Bc5 13. Qd3 Qb6 14. Ne4 Nd5 15. Nxc5 Rxc5 16. Be3 Bb5 17. Bxc5 Qxc5 18. Qd4 Qxd4 19. Rxd4 0-0 20. e4 Nf6 21. e5 Nd7 22. a4 1-0

[Event "Anapa U18"]
[Site "Anapa"]
[Date "2007.08.??"]
[Round "1"]
[White "Sayapin, Alexander"]
[Black "Airapetian, Gor"]
[Result "0-1"]
[WhiteElo "2032"]
[BlackElo "2338"]
[PlyCount "120"]
[EventDate "2007.08.25"]
[EventType "swiss"]
[EventRounds "9"]
[EventCountry "RUS"]
[SourceTitle "EXT 2022"]
[Source "ChessBase"]
[SourceDate "2021.10.06"]
[SourceVersion "1"]
[SourceVersionDate "2021.10.06"]
[SourceQuality "1"]

1. Nf3 d5 2. b3 Nf6 3. Bb2 c5 4. e3 Nc6 5. Bb5 Bd7 6. 0-0 e6 7. Bxc6 Bxc6 8. Ne5 Rc8 9. d3 Bd6 10. f4 0-0 11. Nd2 Be8 12. Qe2 Qc7 13. e4 b5 14. Kh1 d4 15. Ndf3 Nh5 16. g3 f6 17. Ng4 Bc6 18. Kg1 Qb7 19. Rae1 Bc7 20. Ba3 Bb6 21. Nf2 g6 22. Nh4 Ng7 23. Ng4 Qa6 24. Bc1 f5 25. Ne5 Be8 26. exf5 exf5 27. Qg2 Rd8 28. a3 Bc7 29. Nhf3 Qd6 30. Re2 Nh5 31. Rfe1 Ng7 32. Bd2 Qd5 33. Kf2 Bd6 34. Kg1 Qb7 35. Ba5 Rc8 36. Bd2 Rf6 37. h3 Rf8 38. Qf2 Nh5 39. Qg2 Nf6 40. Ng5 Qxg2+ 41. Kxg2 Nd5 42. Kf2 h6 43. Ngf3 Kg7 44. h4 Bc7 45. Kg2 a5 46. Rf1 Bb6 47. Rc1 Rf6 48. Ra1 Bc7 49. Rae1 Kf8 50. Ra1 Ra6 51. Ree1 a4 52. Rec1 Bd6 53. Re1 Rca8 54. bxa4 Rxa4 55. Nxg6+ Bxg6 56. Re6 Be7 57. Rxg6 Rxa3 58. Re1 R8a6 59. Rxa6 Rxa6 60. Re5 Nc3 0-1

[Event "Anapa U18"]
[Site "Anapa"]
[Date "2007.08.??"]
[Round "5"]
[White "Sayapin, Alexander"]
[Black "Chekhov, Sergey"]
[Result "1/2-1/2"]
[WhiteElo "2032"]
[BlackElo "2246"]
[PlyCount "89"]
[EventDate "2007.08.25"]
[EventType "swiss"]
[EventRounds "9"]
[EventCountry "RUS"]
[SourceTitle "EXT 2022"]
[Source "ChessBase"]
[SourceDate "2021.10.06"]
[SourceVersion "1"]
[SourceVersionDate "2021.10.06"]
[SourceQuality "1"]

1. Nf3 g6 2. c4 Bg7 3. Nc3 Nf6 4. g3 0-0 5. Bg2 d6 6. 0-0 c6 7. d3 e5 8. Rb1 a5 9. a3 h6 10. Bd2 Be6 11. b4 axb4 12. axb4 Nbd7 13. b5 d5 14. bxc6 bxc6 15. cxd5 cxd5 16. Nb5 Rb8 17. Qc1 Kh7 18. Qc7 Qxc7 19. Nxc7 Bg4 20. h3 Bxf3 21. Bxf3 e4 22. dxe4 dxe4 23. Bg2 Rfc8 24. Rxb8 Rxb8 25. Bc3 Nc5 26. Bxf6 Bxf6 27. Rc1 Bd4 28. e3 Nd3 29. Rf1 Bb6 30. Nd5 f5 31. Rb1 Ba7 32. Rxb8 Bxb8 33. g4 Kg7 34. gxf5 gxf5 35. Kf1 Ne5 36. Ke2 Kg6 37. f3 exf3+ 38. Bxf3 Kg5 39. e4 Nxf3 40. Kxf3 fxe4+ 41. Kxe4 Kh4 42. Kf5 Be5 43. Kxe5 Kxh3 44. Kf4 Kg2 45. Kg4 1/2-1/2

[Event "Anapa U18"]
[Site "Anapa"]
[Date "2007.08.??"]
[Round "7"]
[White "Sayapin, Alexander"]
[Black "Kiselev, Maxim2"]
[Result "0-1"]
[WhiteElo "2032"]
[BlackElo "2198"]
[PlyCount "65"]
[EventDate "2007.08.25"]
[EventType "swiss"]
[EventRounds "9"]
[EventCountry "RUS"]
[SourceTitle "EXT 2022"]
[Source "ChessBase"]
[SourceDate "2021.10.06"]
[SourceVersion "1"]
[SourceVersionDate "2021.10.06"]
[SourceQuality "1"]

1. b3 d6 2. Bb2 Nf6 3. e3 e5 4. Nf3 Be7 5. c4 0-0 6. d4 exd4 7. exd4 a5 8. Nc3 Bg4 9. Be2 d5 10. h3 Bh5 11. 0-0 Nc6 12. Ne5 Bxe2 13. Nxe2 Ra6 14. Ng3 dxc4 15. bxc4 Nxe5 16. dxe5 Nd7 17. Nf5 Rg6 18. Qf3 Re8 19. Rad1 Qc8 20. h4 Nf8 21. h5 Rg5 22. Nxe7+ Rxe7 23. h6 Re6 24. hxg7 Rxg7 25. Qh3 Qe8 26. f4 Reg6 27. Rf2 Rg3 28. Qh4 Qc6 29. Rdd2 Qe4 30. e6 Qe1+ 31. Kh2 Rxg2+ 32. Rxg2 Qxh4+ 33. Kg1 0-1

[Event "Anapa U18"]
[Site "Anapa"]
[Date "2007.08.??"]
[Round "6"]
[White "Vdovin, Vadim"]
[Black "Sayapin, Alexander"]
[Result "0-1"]
[WhiteElo "1975"]
[BlackElo "2032"]
[PlyCount "46"]
[EventDate "2007.08.25"]
[EventType "swiss"]
[EventRounds "9"]
[EventCountry "RUS"]
[SourceTitle "EXT 2022"]
[Source "ChessBase"]
[SourceDate "2021.10.06"]
[SourceVersion "1"]
[SourceVersionDate "2021.10.06"]
[SourceQuality "1"]

1. e4 c5 2. Nf3 d6 3. Bb5+ Bd7 4. c4 Nf6 5. Nc3 g6 6. d3 Bg7 7. 0-0 0-0 8. h3 a6 9. Bxd7 Nfxd7 10. d4 Nc6 11. Be3 cxd4 12. Nxd4 Rc8 13. b3 b5 14. cxb5 Nxd4 15. Bxd4 e5 16. bxa6 exd4 17. Nb5 Nc5 18. Rc1 Kh8 19. a7 Ra8 20. b4 Nxe4 21. Qd3 Nc3 22. Nxc3 dxc3 23. Qa6 Qd7 0-1

[Event "Samara Region-ch HL"]
[Site "Samara"]
[Date "2006.12.??"]
[Round "1"]
[White "Alavkin, Arseny Nailievich"]
[Black "Sayapin, Alexander"]
[Result "1-0"]
[WhiteElo "2504"]
[BlackElo "2017"]
[PlyCount "73"]
[EventDate "2006.12.07"]
[EventType "tourn"]
[EventRounds "9"]
[EventCountry "RUS"]
[EventCategory "2"]
[SourceTitle "EXT 2019"]
[Source "ChessBase"]
[SourceDate "2018.10.10"]
[SourceVersion "1"]
[SourceVersionDate "2018.10.10"]
[SourceQuality "1"]

1. d4 Nf6 2. Nf3 e6 3. c4 b6 4. g3 Bb7 5. Bg2 d6 6. 0-0 Nbd7 7. d5 e5 8. Nc3 g6 9. Nh4 Bg7 10. f4 h6 11. e4 Qe7 12. Nb5 0-0 13. Nxc7 Rac8 14. Nb5 a6 15. Nc3 Rxc4 16. Qe2 Rfc8 17. f5 g5 18. Nf3 b5 19. Nd2 R4c7 20. Nb3 Nb6 21. Na5 b4 22. Be3 Nc4 23. Nxc4 Rxc4 24. Na4 Rc2 25. Qd3 Bxd5 26. exd5 e4 27. Qd1 Qb7 28. Nb6 R8c7 29. Rf2 Rxf2 30. Kxf2 h5 31. h3 g4 32. h4 Re7 33. Rc1 Re5 34. Qc2 Kh7 35. Qc7 Qxc7 36. Rxc7 Rxf5+ 37. Ke2 1-0

[Event "Samara Region-ch HL"]
[Site "Samara"]
[Date "2006.12.??"]
[Round "4"]
[White "Sayapin, Alexander"]
[Black "Pogorelskikh, Sergey"]
[Result "0-1"]
[WhiteElo "2017"]
[BlackElo "2283"]
[PlyCount "112"]
[EventDate "2006.12.07"]
[EventType "tourn"]
[EventRounds "9"]
[EventCountry "RUS"]
[EventCategory "2"]
[SourceTitle "EXT 2019"]
[Source "ChessBase"]
[SourceDate "2018.10.10"]
[SourceVersion "1"]
[SourceVersionDate "2018.10.10"]
[SourceQuality "1"]

1. e4 e5 2. Nc3 Nc6 3. f4 d6 4. Nf3 Nf6 5. Bc4 Be7 6. d3 0-0 7. Be3 Ng4 8. Qd2 Nxe3 9. Qxe3 exf4 10. Qxf4 Bf6 11. h4 Na5 12. Bb3 c6 13. 0-0-0 Nxb3+ 14. axb3 a5 15. d4 b5 16. e5 Be7 17. d5 b4 18. Na4 cxd5 19. Rxd5 Be6 20. Rd3 dxe5 21. Qxe5 Qb8 22. Qe4 h6 23. Kb1 Ra6 24. Re3 Rd8 25. Rd3 Rxd3 26. Qxd3 Rd6 27. Qe4 Qd8 28. Re1 Rd1+ 29. Rxd1 Qxd1+ 30. Ka2 Qd5 31. Qe3 Bf6 32. Nc5 Bf5 33. Nd2 Kh7 34. Nce4 Bxe4 35. Qxe4+ Qxe4 36. Nxe4 Bxh4 37. c4 bxc3 38. bxc3 Be7 39. Kb2 Kg6 40. Kc2 Kf5 41. Kd3 Ke5 42. Nd2 Bd8 43. Kc4 h5 44. Kb5 h4 45. Nc4+ Kf4 46. Nxa5 g5 47. Nc6 Bc7 48. Ne7 Kg3 49. Nd5 Bf4 50. Nxf4 gxf4 51. c4 h3 52. gxh3 f3 53. c5 f2 54. c6 f1Q+ 55. Kb6 Qxh3 56. Kc5 Qc8 0-1

[Event "Samara Region-ch HL"]
[Site "Samara"]
[Date "2006.12.??"]
[Round "7"]
[White "Veprinsky, Vladimir"]
[Black "Sayapin, Alexander"]
[Result "1/2-1/2"]
[WhiteElo "2207"]
[BlackElo "2017"]
[PlyCount "89"]
[EventDate "2006.12.07"]
[EventType "tourn"]
[EventRounds "9"]
[EventCountry "RUS"]
[EventCategory "2"]
[SourceTitle "EXT 2019"]
[Source "ChessBase"]
[SourceDate "2018.10.10"]
[SourceVersion "1"]
[SourceVersionDate "2018.10.10"]
[SourceQuality "1"]

1. e4 c5 2. Nf3 d6 3. d4 cxd4 4. Nxd4 Nf6 5. Nc3 g6 6. Be3 Bg7 7. f3 0-0 8. Qd2 Nc6 9. Bc4 Bd7 10. 0-0-0 Qb8 11. h4 b5 12. Bb3 a5 13. Nd5 Nxd5 14. Nxc6 Bxc6 15. Bxd5 Rc8 16. h5 Bxd5 17. exd5 Qc7 18. hxg6 hxg6 19. Kb1 Qc4 20. Bh6 Bf6 21. Rhe1 b4 22. Re4 Qc7 23. Rc1 Qd7 24. g4 a4 25. Bg5 b3 26. Bxf6 exf6 27. c4 bxa2+ 28. Kxa2 Qb7 29. Qd4 Qb3+ 30. Kb1 a3 31. Re3 Qb4 32. b3 a2+ 33. Ka1 Qa3 34. Rec3 Rab8 35. Qe3 Re8 36. Qd3 Rxb3 37. Rxb3 Qxc1+ 38. Kxa2 Ra8+ 39. Ra3 Rxa3+ 40. Qxa3 Qxc4+ 41. Qb3 Qxb3+ 42. Kxb3 Kg7 43. Kc4 f5 44. gxf5 Kf6 45. Kb5 1/2-1/2

[Event "Penza op U14"]
[Site "Penza"]
[Date "2006.11.06"]
[Round "5"]
[White "Sayapin, Alexander"]
[Black "Fedotov, Ivan"]
[Result "1-0"]
[WhiteElo "2017"]
[BlackElo "1805"]
[PlyCount "85"]
[EventDate "2006.11.01"]
[EventType "swiss"]
[EventRounds "7"]
[EventCountry "RUS"]
[SourceTitle "EXT 2007"]
[Source "ChessBase"]
[SourceDate "2006.11.23"]
[SourceVersion "1"]
[SourceVersionDate "2006.11.23"]
[SourceQuality "1"]

1. Nf3 c5 2. b3 e6 3. Bb2 Nf6 4. e3 Be7 5. Be2 0-0 6. 0-0 b6 7. c4 Bb7 8. d3 d6 9. Nbd2 Nbd7 10. a3 Qc7 11. Qc2 Rfc8 12. Rac1 a6 13. Qb1 Qd8 14. Rfd1 Rab8 15. Ne4 Ba8 16. Nfd2 b5 17. cxb5 axb5 18. d4 Nxe4 19. Nxe4 d5 20. Nxc5 Nxc5 21. dxc5 Bxc5 22. b4 Bf8 23. Rxc8 Qxc8 24. Rc1 Qd8 25. Qc2 Bd6 26. Bd3 h6 27. Qe2 Qe8 28. f4 f5 29. Kf2 g5 30. g3 g4 31. Ke1 h5 32. Bd4 Kh7 33. Kd2 Qd7 34. h3 Kg6 35. hxg4 hxg4 36. Qxg4+ Kf7 37. Qh5+ Ke7 38. Qg5+ Ke8 39. Rh1 Qe7 40. Bf6 Qf7 41. Rh8+ Bf8 42. Bg7 Kd7 43. Bxb5+ 1-0